Sports Quiz

Random Sports Quiz

Every PL player booked for diving in the last 3 seasons Quiz Stats

 Plays Quiz not verified by Sporcle

Challenge
Share
Tweet
Embed
Score 0/67 Timer 08:00
0 Plays Today
Club at time Player % Correct
Crystal PalaceWilfried Zaha
89.4%
Manchester CitySergio Aguero
75.2%
Manchester CityRaheem Sterling
71.6%
ChelseaWillian
59.6%
ChelseaPedro
54.9%
Liverpool Philippe Coutinho
51.8%
Crystal PalaceChristian Benteke
47.6%
Tottenham HotspurDele Alli
46.9%
ArsenalAlexis Sanchez
46.8%
Manchester UnitedAshley Young
43.3%
LiverpoolDaniel Sturridge
39.7%
Leicester City Jamie Vardy
37.3%
Liverpool Jordan Henderson
34.1%
Stoke CityVictor Moses
32.5%
Manchester CityLeroy Sane
30.8%
Swansea City Ki Sung-yueng
28.5%
EvertonRoss Barkley
27.3%
Crystal Palace Yannick Bolasie
25.2%
SouthamptonSadio Mane
24.3%
Manchester UnitedPaul Pogba
23%
Manchester CityYaya Toure
20.6%
ArsenalDanny Welbeck
19.1%
EvertonKevin Mirallas
18.6%
West Ham UnitedManuel Lanzini
18.4%
Manchester United Ander Herrera
18.4%
Stoke City Marko Arnautovic
16.6%
BurnleyDanny Ings
14.2%
Swansea City Leroy Fer
14.1%
SouthamptonShane Long
12.1%
ArsenalSantiago Cazorla
11.6%
Aston Villa Jordan Ayew
11.4%
SouthamptonDusan Tadic
11.4%
Tottenham Hotspur Mousa Dembele
10.6%
Burnley Robbie Brady
10.4%
Club at time Player % Correct
Arsenal Nacho Monreal
10.3%
Stoke City Bojan
8.5%
BournemouthAdam Smith
7.2%
LiverpoolBrad Smith
7.2%
Everton Gerard Deulofeu
5.4%
Liverpool Lucas Leiva
5.2%
WatfordNordin Amrabat
4.7%
MiddlesbroughGaston Ramirez
4.4%
WatfordStefano Okaka
4.4%
Sunderland Patrick van Aanholt
3.9%
Sunderland Steven Fletcher
3.6%
West Ham United Stewart Downing
3.5%
Crystal Palace James McArthur
3.1%
SunderlandDuncan Watmore
3.1%
SunderlandJack Rodwell
2%
West Ham UnitedAaron Cresswell
1.8%
WatfordValon Behrami
1.6%
Crystal Palace Glenn Murray
1.4%
Swansea CityAngel Rangel
0.8%
West Bromwich Albion Stephane Sessegnon
0.8%
Crystal PalaceMarouane Chamakh
0.6%
Watford Allan Nyom
0.5%
Sunderland DeAndre Yedlin
0.5%
SunderlandEmanuele Giaccherini
0.2%
West Bromwich AlbionSebastien Pocognoli
0.1%
ChelseaCesc Fabregas
0%
ChelseaDiego Costa
0%
Tottenham HotspurNacer Chadli
0%
Chelsea Falcao
0%
Tottenham Hotspur Jan Vertonghen
0%
Aston Villa Carles Gil
0%
EvertonJames McCarthy
0%
Stoke CityErik Pieters
0%

You're not logged in!

Compare scores with friends on all Sporcle quizzes.
OR
Log In

You Might Also Like...

Show Comments

Extras

Created May 18, 2017ReportNominate
Tags:booked, club, diving, last, player, season

Top Quizzes Today


Score Distribution

Your Account Isn't Verified!

In order to create a playlist on Sporcle, you need to verify the email address you used during registration. Go to your Sporcle Settings to finish the process.

Report this User

Report this user for behavior that violates our Community Guidelines.

Details: